Becoming visible /

Bibliographic Details
Main Author: Lamantia, Philip, 1927-2005
Format: Book
Language:English
Published: San Francisco : City Lights Books, [1981]
Series:Pocket poets series ; no. 39.

MARC

Tag First Indicator Second Indicator Subfields
LEADER 00000pam a2200000 a 4500
001 in00000083194
005 20151008055621.0
008 810424s1981 cau 00010 eng
010 |a  81006145  
020 |a 0872861244 
020 |a 0872861295 (pbk.) 
035 |a (OCoLC)07552132 
035 |9 AAJ3931AM 
039 0 |a 2  |b 3  |c 3  |d 3  |e 3 
040 |a DLC  |c DLC  |d TXA  |d UtOrBLW 
049 |a TXAM  |c [1804487] 
050 0 0 |a PS3562.A42  |b B4 1981 
082 0 |a 811/.54  |2 19 
100 1 |a Lamantia, Philip,  |d 1927-2005. 
245 1 0 |a Becoming visible /  |c Philip Lamantia. 
264 1 |a San Francisco :  |b City Lights Books,  |c [1981] 
264 4 |c ©1981 
300 |a 83 pages ;  |c 17 cm. 
336 |a text  |b txt  |2 rdacontent 
337 |a unmediated  |b n  |2 rdamedia 
338 |a volume  |b nc  |2 rdacarrier 
490 1 |a Pocket poets series ;  |v no. 39 
830 0 |a Pocket poets series ;  |v no. 39. 
999 |a MARS 
999 f f |s 5be2743e-2666-30c3-8523-712d8b3d8472  |i 15e04049-923c-39a6-9194-57fb6b298a14  |t 0 
952 f f |p ric  |a Texas A&M University  |b Rellis Campus  |c Joint Library Facility  |d Remote Storage  |t 0  |e PS3562.A42 B4 1981  |h Library of Congress classification  |i unmediated -- volume  |m A14806192721 
998 f f |a PS3562.A42 B4 1981  |t 0  |l Remote Storage